Obťažovanie pevnými a tekutými odpadmi

Problematika obťažovania pevnými a tekutými odpadmi s poukazom na právnu úpravu v zákone 79/2015 o odpadoch. Príklady súdnych rozhodnutí. Pojem pevné odpady, ako kompostoviská a rôzne skládky odpadov. Pojem tekuté odpady, pod ktorým sa najčastejšie rozumie vypúšťanie močovky z chovu hospodárskych zv...

ver descrição completa

Na minha lista:
Detalhes bibliográficos
Autor principal: Spišiaková, Helena
Formato: Capítulo de Livro
Idioma:eslovaco
Assuntos:
Tags: Adicionar Tag
Sem tags, seja o primeiro a adicionar uma tag!

MARC

LEADER 00000naa a2200000 4500
001 0278749
005 20210928091127.2
041 0 |a slo 
044 |a SK 
245 1 0 |a Obťažovanie pevnými a tekutými odpadmi  |c Helena Spišiaková 
520 |a Problematika obťažovania pevnými a tekutými odpadmi s poukazom na právnu úpravu v zákone 79/2015 o odpadoch. Príklady súdnych rozhodnutí. Pojem pevné odpady, ako kompostoviská a rôzne skládky odpadov. Pojem tekuté odpady, pod ktorým sa najčastejšie rozumie vypúšťanie močovky z chovu hospodárskych zvierat. 
610 2 0 |a odpad 
610 2 0 |a odpad komunálny 
610 2 0 |a odpad výrobný 
610 2 0 |a chov zvierat 
610 2 0 |a prostredie životné 
100 1 |a Spišiaková, Helena